[Event "Murta"]
[Site "Xativa"]
[Date "2017.07.20"]
[Round "5.2"]
[White "Camarena Gimenez, Rufino"]
[Black "Valmana Canto, Jaime"]
[Result "0-1"]
[WhiteElo "2383"]
[BlackElo "2356"]
[PlyCount "128"]
[EventDate "2017.??.??"]

1. d4 {[%clk 1:30:58]} 1... Nf6 {[%clk 1:28:56]} 2. c4 {[%clk 1:31:06]} 2... g6
{[%clk 1:28:36]} 3. Nc3 {[%clk 1:31:10]} 3... Bg7 {[%clk 1:28:56]} 4. e4 {
[%clk 1:31:25]} 4... d6 {[%clk 1:29:18]} 5. Nf3 {[%clk 1:31:07]} 5... O-O {
[%clk 1:29:36]} 6. Be2 {[%clk 1:30:52]} 6... e5 {[%clk 1:29:54]} 7. Be3 {
[%clk 1:30:06]} 7... Nbd7 {[%clk 1:23:20]} 8. O-O {[%clk 1:29:50]} 8... c6 {
[%clk 1:20:25]} 9. d5 {[%clk 1:28:39]} 9... c5 {[%clk 1:20:21]} 10. Ne1 {
[%clk 1:28:18]} 10... Ne8 {[%clk 1:19:57]} 11. Nd3 {[%clk 1:28:15]} 11... f5 {
[%clk 1:18:14]} 12. f4 {[%clk 1:24:41]} 12... Qe7 {[%clk 1:13:26]} 13. exf5 {
[%clk 1:19:39]} 13... gxf5 {[%clk 1:13:00]} 14. Qd2 {[%clk 1:18:38]} 14... e4 {
[%clk 1:09:06]} 15. Nf2 {[%clk 1:18:27]} 15... Ndf6 {[%clk 1:09:29]} 16. Rab1 {
[%clk 1:10:04]} 16... Nc7 {[%clk 1:01:44]} 17. a3 {[%clk 1:04:13]} 17... a5 {
[%clk 0:57:45]} 18. b3 {[%clk 0:57:13]} 18... Bd7 {[%clk 0:55:44]} 19. Rfc1 {
[%clk 0:46:18]} 19... Rfb8 {[%clk 0:54:14]} 20. Nb5 {[%clk 0:44:57]} 20... Nxb5
{[%clk 0:38:42]} 21. cxb5 {[%clk 0:45:16]} 21... a4 {[%clk 0:39:09]} 22. b4 {
[%clk 0:43:52]} 22... b6 {[%clk 0:39:30]} 23. Rc2 {[%clk 0:41:08]} 23... Qe8 {
[%clk 0:37:48]} 24. Qd1 {[%clk 0:38:17]} 24... Kh8 {[%clk 0:37:01]} 25. h3 {
[%clk 0:29:43]} 25... Qg8 {[%clk 0:33:35]} 26. Rd2 {[%clk 0:28:33]} 26... Ne8 {
[%clk 0:32:46]} 27. g4 {[%clk 0:25:09]} 27... Nc7 {[%clk 0:23:37]} 28. bxc5 {
[%clk 0:24:34]} 28... bxc5 {[%clk 0:23:57]} 29. b6 {[%clk 0:24:50]} 29... Ne8 {
[%clk 0:24:22]} 30. g5 {[%clk 0:21:42]} 30... Rb7 {[%clk 0:23:45]} 31. Bb5 {
[%clk 0:19:05]} 31... Qf7 {[%clk 0:23:31]} 32. Bc6 {[%clk 0:18:43]} 32... Bc8 {
[%clk 0:19:48]} 33. Qe2 {[%clk 0:14:23]} 33... Rab8 {[%clk 0:19:21]} 34. Qa6 {
[%clk 0:12:55]} 34... Bc3 {[%clk 0:11:44]} 35. Qxa4 {[%clk 0:10:15]} 35... Ng7
{[%clk 0:11:01]} 36. Rc2 {[%clk 0:09:36]} 36... Be5 {[%clk 0:10:03]} 37. fxe5 {
[%clk 0:08:07]} 37... f4 {[%clk 0:10:07]} 38. e6 {[%clk 0:07:50]} 38... Qf5 {
[%clk 0:09:52]} 39. Nxe4 {[%clk 0:05:11]} 39... Rxb6 {[%clk 0:09:08]} 40. Rf1 {
[%clk 0:04:08]} 40... Qxh3 {[%clk 0:08:27]} 41. Bxf4 {[%clk 0:03:54]} 41... Ba6
{[%clk 0:08:47]} 42. Rfc1 {[%clk 0:02:45]} 42... Nf5 {[%clk 0:07:19]} 43. Rg2 {
[%clk 0:02:27]} 43... Nh4 {[%clk 0:06:49]} 44. Rg3 {[%clk 0:02:32]} 44... Nf3+
{[%clk 0:07:17]} 45. Rxf3 {[%clk 0:02:11]} 45... Qxf3 {[%clk 0:07:44]} 46. Bg3
{[%clk 0:00:55]} 46... Qe3+ {[%clk 0:07:02]} 47. Kh2 {[%clk 0:01:09]} 47...
Qxc1 {[%clk 0:07:15]} 48. Nf2 {[%clk 0:00:56]} 48... Qxg5 {[%clk 0:06:30]} 49.
Qh4 {[%clk 0:00:56]} 49... Qxh4+ {[%clk 0:01:39]} 50. Bxh4 {[%clk 0:01:24]}
50... Bb5 {[%clk 0:01:15]} 51. Bxb5 {[%clk 0:00:43]} 51... Rxb5 {[%clk 0:01:43]
} 52. Ne4 {[%clk 0:01:01]} 52... c4 {[%clk 0:02:01]} 53. Nc3 {[%clk 0:00:40]}
53... Rb2+ {[%clk 0:02:22]} 54. Kh3 {[%clk 0:00:48]} 54... Kg7 {[%clk 0:02:49]}
55. Ne4 {[%clk 0:00:59]} 55... R2b3+ {[%clk 0:01:41]} 56. Kg4 {[%clk 0:01:19]}
56... Rd3 {[%clk 0:01:15]} 57. Nxd6 {[%clk 0:00:35]} 57... Rd4+ {[%clk 0:01:43]
} 58. Kh3 {[%clk 0:00:38]} 58... Rxd5 {[%clk 0:01:46]} 59. Nxc4 {[%clk 0:00:45]
} 59... Rb3+ {[%clk 0:02:06]} 60. Kg2 {[%clk 0:00:44]} 60... Rd4 {
[%clk 0:01:29]} 61. e7 {[%clk 0:00:59]} 61... Kf7 {[%clk 0:01:23]} 62. Ne5+ {
[%clk 0:01:01]} 62... Ke8 {[%clk 0:01:46]} 63. Bg5 {[%clk 0:00:49]} 63... Re4 {
[%clk 0:01:32]} 64. Nf3 {[%clk 0:00:41]} 64... Rg4+ 0-1

[Event "Murta"]
[Site "Xativa"]
[Date "2017.07.20"]
[Round "5.3"]
[White "Ibanez Aullana, Ramon"]
[Black "Plaskett, H James"]
[Result "1/2-1/2"]
[WhiteElo "2274"]
[BlackElo "2463"]
[PlyCount "78"]
[EventDate "2017.??.??"]

1. d4 {[%clk 1:27:38]} 1... Nf6 {[%clk 1:30:47]} 2. Nf3 {[%clk 1:27:49]} 2...
b6 {[%clk 1:30:21]} 3. c4 {[%clk 1:25:28]} 3... e6 {[%clk 1:30:49]} 4. g3 {
[%clk 1:24:36]} 4... Ba6 {[%clk 1:31:10]} 5. b3 {[%clk 1:23:36]} 5... d5 {
[%clk 1:31:33]} 6. Bg2 {[%clk 1:23:34]} 6... Bb4+ {[%clk 1:31:34]} 7. Bd2 {
[%clk 1:23:42]} 7... Be7 {[%clk 1:32:02]} 8. O-O {[%clk 1:23:07]} 8... O-O {
[%clk 1:28:37]} 9. Bc3 {[%clk 1:20:05]} 9... c6 {[%clk 1:09:02]} 10. Nbd2 {
[%clk 1:16:07]} 10... Nbd7 {[%clk 1:09:02]} 11. Qc2 {[%clk 1:12:28]} 11... Rc8
{[%clk 0:58:29]} 12. Rfd1 {[%clk 0:54:42]} 12... c5 {[%clk 0:38:32]} 13. dxc5 {
[%clk 0:51:39]} 13... Bxc5 {[%clk 0:33:03]} 14. Qb2 {[%clk 0:47:25]} 14... dxc4
{[%clk 0:30:45]} 15. Ne5 {[%clk 0:36:15]} 15... Nxe5 {[%clk 0:22:54]} 16. Bxe5
{[%clk 0:36:35]} 16... c3 {[%clk 0:16:51]} 17. Bxc3 {[%clk 0:36:08]} 17... Bxe2
{[%clk 0:17:07]} 18. Ne4 {[%clk 0:33:17]} 18... Bxd1 {[%clk 0:14:19]} 19. Bxf6
{[%clk 0:28:32]} 19... Ba3 {[%clk 0:06:29]} 20. Qxa3 {[%clk 0:25:15]} 20...
gxf6 {[%clk 0:06:58]} 21. Nd6 {[%clk 0:25:04]} 21... Qe7 {[%clk 0:01:31]} 22.
Rxd1 {[%clk 0:23:25]} 22... Rfd8 {[%clk 0:02:01]} 23. Rd2 {[%clk 0:22:40]}
23... Rc5 {[%clk 0:01:02]} 24. b4 {[%clk 0:22:20]} 24... Re5 {[%clk 0:00:59]}
25. Nc4 {[%clk 0:20:00]} 25... Re1+ {[%clk 0:00:54]} 26. Bf1 {[%clk 0:20:28]}
26... Rxd2 {[%clk 0:01:19]} 27. Nxd2 {[%clk 0:20:55]} 27... a5 {[%clk 0:01:44]}
28. Kg2 {[%clk 0:20:21]} 28... Qb7+ {[%clk 0:01:39]} 29. Qf3 {[%clk 0:19:52]}
29... Qxf3+ {[%clk 0:00:46]} 30. Nxf3 {[%clk 0:18:20]} 30... Re4 {
[%clk 0:01:15]} 31. bxa5 {[%clk 0:16:15]} 31... bxa5 {[%clk 0:01:44]} 32. Bd3 {
[%clk 0:16:16]} 32... Rb4 {[%clk 0:01:12]} 33. Ne1 {[%clk 0:16:12]} 33... a4 {
[%clk 0:01:29]} 34. Kf3 {[%clk 0:15:27]} 34... Rb2 35. Bc4 Rb4 36. Bd3 Rb2 37.
Bc4 Rb4 38. Bd3 Rb2 39. Bc4 Rb4 1/2-1/2

[Event "Murta"]
[Site "Xativa"]
[Date "2017.07.20"]
[Round "5.4"]
[White "Megias Chafer, Alejandro"]
[Black "Fenollar Jorda, Manuel"]
[Result "0-1"]
[WhiteElo "2118"]
[BlackElo "2335"]
[PlyCount "114"]
[EventDate "2017.??.??"]

1. d4 {[%clk 1:28:25]} 1... d5 {[%clk 1:29:58]} 2. Nf3 {[%clk 1:28:33]} 2...
Nf6 {[%clk 1:30:24]} 3. Bf4 {[%clk 1:28:43]} 3... c5 {[%clk 1:29:39]} 4. c3 {
[%clk 1:28:42]} 4... Qb6 {[%clk 1:29:40]} 5. Qb3 {[%clk 1:28:41]} 5... Nc6 {
[%clk 1:29:28]} 6. e3 {[%clk 1:28:52]} 6... c4 {[%clk 1:28:59]} 7. Qxb6 {
[%clk 1:25:18]} 7... axb6 {[%clk 1:29:22]} 8. Nbd2 {[%clk 1:24:05]} 8... b5 {
[%clk 1:29:10]} 9. Be2 {[%clk 1:23:55]} 9... h6 {[%clk 1:17:20]} 10. O-O {
[%clk 1:23:01]} 10... b4 {[%clk 1:14:50]} 11. e4 {[%clk 1:18:58]} 11... e6 {
[%clk 0:53:53]} 12. Ne5 {[%clk 1:14:07]} 12... Bd7 {[%clk 0:51:28]} 13. Rfe1 {
[%clk 1:04:44]} 13... b5 {[%clk 0:48:52]} 14. Bf3 {[%clk 1:00:39]} 14... dxe4 {
[%clk 0:47:30]} 15. Nxe4 {[%clk 0:57:42]} 15... Nd5 {[%clk 0:44:45]} 16. Nd6+ {
[%clk 0:51:21]} 16... Bxd6 {[%clk 0:43:49]} 17. Bxd5 {[%clk 0:51:23]} 17...
Bxe5 {[%clk 0:36:36]} 18. Bxe5 {[%clk 0:51:11]} 18... bxc3 {[%clk 0:29:09]} 19.
bxc3 {[%clk 0:40:02]} 19... O-O {[%clk 0:26:47]} 20. Bxc6 {[%clk 0:36:35]}
20... Bxc6 {[%clk 0:27:12]} 21. Bd6 {[%clk 0:36:27]} 21... Rfe8 {[%clk 0:25:52]
} 22. f3 {[%clk 0:35:45]} 22... f6 {[%clk 0:26:04]} 23. Re2 {[%clk 0:35:46]}
23... Kf7 {[%clk 0:26:30]} 24. Kf2 {[%clk 0:35:34]} 24... Rad8 {[%clk 0:26:28]}
25. Bb4 {[%clk 0:35:57]} 25... g5 {[%clk 0:26:34]} 26. a3 {[%clk 0:35:53]}
26... Rd5 {[%clk 0:26:41]} 27. Rae1 {[%clk 0:35:27]} 27... h5 {[%clk 0:26:59]}
28. Re3 {[%clk 0:34:35]} 28... Bd7 {[%clk 0:23:23]} 29. g3 {[%clk 0:34:15]}
29... Bc6 {[%clk 0:22:47]} 30. h4 {[%clk 0:33:10]} 30... Rf5 {[%clk 0:17:18]}
31. hxg5 {[%clk 0:30:20]} 31... Rxg5 {[%clk 0:13:50]} 32. Rh1 {[%clk 0:28:13]}
32... Rd8 {[%clk 0:10:49]} 33. Rh4 {[%clk 0:27:54]} 33... Rdg8 {[%clk 0:09:51]}
34. f4 {[%clk 0:24:59]} 34... Rf5 {[%clk 0:09:54]} 35. Re1 {[%clk 0:24:12]}
35... Rg4 {[%clk 0:10:11]} 36. Bd6 {[%clk 0:22:08]} 36... Ke8 {[%clk 0:08:37]}
37. Rb1 {[%clk 0:18:02]} 37... Kd7 {[%clk 0:08:50]} 38. Bb8 {[%clk 0:18:24]}
38... Rg8 {[%clk 0:07:54]} 39. Ba7 {[%clk 0:18:13]} 39... Kc7 {[%clk 0:07:54]}
40. Re1 {[%clk 0:17:12]} 40... Bd5 {[%clk 0:07:58]} 41. Rb1 {[%clk 0:16:40]}
41... Kb7 {[%clk 0:08:00]} 42. Bc5 {[%clk 0:16:39]} 42... Kc6 {[%clk 0:08:29]}
43. Bb4 {[%clk 0:14:04]} 43... Rg4 {[%clk 0:08:41]} 44. Rh2 {[%clk 0:12:57]}
44... e5 {[%clk 0:06:30]} 45. dxe5 {[%clk 0:09:34]} 45... fxe5 {[%clk 0:06:58]}
46. Re1 {[%clk 0:08:13]} 46... exf4 {[%clk 0:07:14]} 47. gxf4 {[%clk 0:08:30]}
47... Rfxf4+ {[%clk 0:07:13]} 48. Ke3 {[%clk 0:08:29]} 48... h4 {[%clk 0:05:26]
} 49. Kd2 {[%clk 0:07:26]} 49... Bg2 {[%clk 0:03:05]} 50. Re5 {[%clk 0:04:11]}
50... h3 {[%clk 0:02:59]} 51. Bc5 {[%clk 0:02:32]} 51... Re4 {[%clk 0:02:24]}
52. Rxe4 {[%clk 0:02:14]} 52... Rxe4 {[%clk 0:02:46]} 53. Be3 {[%clk 0:02:36]}
53... Kd5 {[%clk 0:02:59]} 54. Ke2 {[%clk 0:02:56]} 54... Re6 {[%clk 0:03:17]}
55. Kf2 {[%clk 0:03:00]} 55... Ke4 {[%clk 0:03:29]} 56. Bc5 {[%clk 0:03:25]}
56... Kd3 {[%clk 0:03:45]} 57. Bb4 {[%clk 0:03:22]} 57... Re3 {[%clk 0:04:06]}
0-1

[Event "Murta"]
[Site "Xativa"]
[Date "2017.07.20"]
[Round "5.5"]
[White "Nieves Cabanes, Jose Manuel"]
[Black "Mataix Arbona, Cesar"]
[Result "1-0"]
[WhiteElo "2277"]
[BlackElo "2087"]
[PlyCount "65"]
[EventDate "2017.??.??"]

1. Nf3 {[%clk 1:30:54]} 1... f5 {[%clk 1:28:51]} 2. d3 {[%clk 1:30:18]} 2...
Nf6 {[%clk 1:27:46]} 3. g3 {[%clk 1:23:16]} 3... g6 {[%clk 1:26:45]} 4. Bg2 {
[%clk 1:23:17]} 4... Bg7 {[%clk 1:27:03]} 5. O-O {[%clk 1:23:39]} 5... O-O {
[%clk 1:27:16]} 6. Nc3 {[%clk 1:22:53]} 6... d6 {[%clk 1:24:07]} 7. e4 {
[%clk 1:22:44]} 7... c6 {[%clk 1:18:09]} 8. exf5 {[%clk 1:19:52]} 8... gxf5 {
[%clk 1:14:33]} 9. d4 {[%clk 1:19:38]} 9... Na6 {[%clk 1:00:44]} 10. Re1 {
[%clk 1:17:26]} 10... Nc7 {[%clk 1:00:28]} 11. Qe2 {[%clk 1:14:32]} 11... e6 {
[%clk 0:57:57]} 12. Bf4 {[%clk 1:12:07]} 12... Ncd5 {[%clk 0:51:50]} 13. Nxd5 {
[%clk 1:10:57]} 13... Nxd5 {[%clk 0:49:38]} 14. Bg5 {[%clk 1:10:01]} 14... Qc7
{[%clk 0:44:50]} 15. c4 {[%clk 1:07:46]} 15... Nf6 {[%clk 0:45:03]} 16. c5 {
[%clk 1:02:53]} 16... Nd5 {[%clk 0:42:48]} 17. cxd6 {[%clk 0:56:43]} 17... Qxd6
{[%clk 0:43:16]} 18. Ne5 {[%clk 0:56:38]} 18... Nf6 {[%clk 0:38:51]} 19. Rad1 {
[%clk 0:55:38]} 19... a5 {[%clk 0:38:23]} 20. Nc4 {[%clk 0:53:37]} 20... Qd8 {
[%clk 0:37:36]} 21. Bf4 {[%clk 0:50:25]} 21... Nd5 {[%clk 0:36:13]} 22. Be5 {
[%clk 0:49:45]} 22... b5 {[%clk 0:26:10]} 23. Bxg7 {[%clk 0:47:33]} 23... Kxg7
{[%clk 0:26:33]} 24. Ne5 {[%clk 0:47:59]} 24... Qe8 {[%clk 0:24:03]} 25. Rc1 {
[%clk 0:45:42]} 25... Bb7 {[%clk 0:22:08]} 26. Nd3 {[%clk 0:43:08]} 26... Rf6 {
[%clk 0:19:43]} 27. Qe5 {[%clk 0:39:36]} 27... Rc8 {[%clk 0:18:07]} 28. Nc5 {
[%clk 0:39:18]} 28... Qf7 {[%clk 0:14:26]} 29. Nxe6+ {[%clk 0:39:03]} 29... Kg8
{[%clk 0:14:23]} 30. Ng5 {[%clk 0:38:17]} 30... Qf8 {[%clk 0:12:00]} 31. Bxd5+
{[%clk 0:38:11]} 31... cxd5 {[%clk 0:12:29]} 32. Rxc8 {[%clk 0:38:26]} 32...
Bxc8 {[%clk 0:12:58]} 33. Qc7 {[%clk 0:36:38]} 1-0

[Event "Murta"]
[Site "Xativa"]
[Date "2017.07.20"]
[Round "5.6"]
[White "Cebrian Flores, Juan Antonio"]
[Black "Bas Mas, Miguel"]
[Result "0-1"]
[WhiteElo "2044"]
[BlackElo "2244"]
[PlyCount "94"]
[EventDate "2017.??.??"]

1. d4 {[%clk 1:30:57]} 1... f5 {[%clk 1:30:20]} 2. e4 {[%clk 1:31:02]} 2...
fxe4 {[%clk 1:30:49]} 3. Nc3 {[%clk 1:31:24]} 3... Nf6 {[%clk 1:30:50]} 4. Bg5
{[%clk 1:31:33]} 4... g6 {[%clk 1:29:25]} 5. Bxf6 {[%clk 1:28:02]} 5... exf6 {
[%clk 1:29:42]} 6. Nxe4 {[%clk 1:28:11]} 6... d5 {[%clk 1:30:02]} 7. Ng3 {
[%clk 1:27:05]} 7... Qe7+ {[%clk 1:17:40]} 8. Qe2 {[%clk 1:22:07]} 8... Nc6 {
[%clk 1:13:23]} 9. O-O-O {[%clk 1:18:53]} 9... Qxe2 {[%clk 1:12:26]} 10. Bxe2 {
[%clk 1:10:39]} 10... Be6 {[%clk 1:12:15]} 11. Nf3 {[%clk 1:08:06]} 11... O-O-O
{[%clk 1:10:06]} 12. Kb1 {[%clk 1:03:14]} 12... Bd6 {[%clk 1:08:43]} 13. Rhe1 {
[%clk 0:56:59]} 13... Rhe8 {[%clk 1:04:56]} 14. Nf1 {[%clk 0:47:51]} 14... Bf5
{[%clk 0:49:39]} 15. a3 {[%clk 0:38:15]} 15... Bf4 {[%clk 0:47:50]} 16. g3 {
[%clk 0:36:23]} 16... Bh6 {[%clk 0:40:43]} 17. Bb5 {[%clk 0:30:06]} 17... Bg4 {
[%clk 0:39:34]} 18. Bxc6 {[%clk 0:30:15]} 18... bxc6 {[%clk 0:38:59]} 19. Rxe8
{[%clk 0:30:23]} 19... Rxe8 {[%clk 0:39:17]} 20. Re1 {[%clk 0:30:48]} 20... Re4
{[%clk 0:35:54]} 21. Rxe4 {[%clk 0:29:37]} 21... dxe4 {[%clk 0:36:10]} 22. N3d2
{[%clk 0:29:42]} 22... Be2 {[%clk 0:36:39]} 23. Ne3 {[%clk 0:29:44]} 23... f5 {
[%clk 0:37:08]} 24. Kc1 {[%clk 0:15:52]} 24... Kd7 {[%clk 0:34:29]} 25. b3 {
[%clk 0:15:50]} 25... Bg7 {[%clk 0:33:28]} 26. d5 {[%clk 0:15:53]} 26... cxd5 {
[%clk 0:32:59]} 27. Nxd5 {[%clk 0:16:21]} 27... Bd4 {[%clk 0:33:02]} 28. Ne3 {
[%clk 0:16:26]} 28... Ke6 {[%clk 0:33:02]} 29. b4 {[%clk 0:15:48]} 29... g5 {
[%clk 0:16:31]} 30. Nb3 {[%clk 0:15:59]} 30... Bc3 {[%clk 0:13:28]} 31. Nd1 {
[%clk 0:13:04]} 31... Bg7 {[%clk 0:10:45]} 32. Kd2 {[%clk 0:11:30]} 32... Bb5 {
[%clk 0:10:11]} 33. a4 {[%clk 0:10:39]} 33... Be8 {[%clk 0:10:23]} 34. Ne3 {
[%clk 0:07:56]} 34... f4 {[%clk 0:10:05]} 35. Nc5+ {[%clk 0:06:51]} 35... Ke5 {
[%clk 0:04:32]} 36. Nd1 Bf8 37. Nc3 {[%clk 0:01:28]} 37... Bxc5 {[%clk 0:04:25]
} 38. bxc5 Bc6 {[%clk 0:04:26]} 39. a5 {[%clk 0:01:41]} 39... fxg3 {
[%clk 0:03:07]} 40. fxg3 {[%clk 0:01:24]} 40... Kd4 {[%clk 0:03:35]} 41. Nd1 {
[%clk 0:01:32]} 41... Kxc5 {[%clk 0:03:53]} 42. Ke3 {[%clk 0:01:14]} 42... Kb5
{[%clk 0:03:20]} 43. h4 {[%clk 0:00:34]} 43... gxh4 {[%clk 0:03:07]} 44. gxh4 {
[%clk 0:01:03]} 44... Kxa5 {[%clk 0:03:22]} 45. Kf4 {[%clk 0:01:18]} 45... Kb4
{[%clk 0:03:17]} 46. Kg5 {[%clk 0:01:25]} 46... a5 {[%clk 0:03:46]} 47. Nb2 {
[%clk 0:01:31]} 47... a4 {[%clk 0:03:33]} 0-1

[Event "Murta"]
[Site "Xativa"]
[Date "2017.07.20"]
[Round "5.7"]
[White "Aymerich Rosell, Pablo"]
[Black "Aledo Yanguas, Javier"]
[Result "1/2-1/2"]
[WhiteElo "2233"]
[BlackElo "2022"]
[PlyCount "107"]
[EventDate "2017.??.??"]

1. d4 d5 2. c4 c6 3. cxd5 cxd5 4. Bf4 Nc6 5. e3 Nf6 6. Nc3 a6 7. Bd3 e6 8. Rc1
Bd6 9. Bxd6 Qxd6 10. f4 b5 11. Nf3 Bd7 12. Ne5 O-O 13. O-O Rfc8 14. Qe1 Ne7 15.
a3 Rab8 16. Qh4 Nf5 17. Qh3 g6 18. g4 Ne7 19. Qh4 Kg7 20. Rf3 Rh8 21. Rh3 h5
22. g5 Ne8 23. Rf3 b4 24. axb4 Rxb4 25. Rf2 Nc7 26. Rfc2 Bb5 27. Nxb5 Nxb5 28.
Qe1 a5 29. Qe2 Rb8 30. Rc5 Na7 31. R1c2 a4 32. Qd2 R8b6 33. Rc7 Rb7 34. Rxb7
Rxb7 35. Qa5 Qb4 36. Qxb4 Rxb4 37. Rc7 Nac8 38. Ba6 Rxb2 39. Bxc8 Nxc8 40. Rxc8
a3 41. Rc7 a2 42. Rxf7+ Kg8 43. Ra7 Rb1+ 44. Kg2 a1=Q 45. Rxa1 Rxa1 46. Nxg6
Kg7 47. Ne5 Ra2+ 48. Kg3 Re2 49. h3 Rxe3+ 50. Kh4 Rc3 51. Kxh5 Rxh3+ 52. Kg4
Re3 53. Nc6 Re4 54. Nd8 1/2-1/2

[Event "Murta Xativa"]
[Site "Hotel Murta, Calle Catedrátic"]
[Date "2017.07.20"]
[Round "5.8"]
[White "Gonzalvez Tamarit, Ruben"]
[Black "Silva Rodriguez, Fernando"]
[Result "0-1"]
[WhiteElo "1954"]
[BlackElo "2216"]
[PlyCount "80"]
[EventDate "2017.07.17"]

1. e4 e5 2. Nf3 Nc6 3. d4 exd4 4. Nxd4 Bc5 5. Nb3 Bb6 6. Nc3 Nf6 7. Qe2 O-O 8.
Be3 d5 9. Bxb6 axb6 10. O-O-O Re8 11. f3 Bd7 12. Kb1 dxe4 13. fxe4 Qe7 14. Re1
Be6 15. h3 Ne5 16. Qf2 Nfd7 17. Nd4 c6 18. Be2 b5 19. Nf5 Qf8 20. Nd4 Qe7 21.
Nxe6 Qxe6 22. Qf5 Qe7 23. Bd3 Ra7 24. Ne2 Rea8 25. Nc1 Nc5 26. Re3 Na6 27. c3
Nc5 28. a3 Na4 29. Qf2 Qc5 30. Re2 Nxc3+ 31. bxc3 Qxc3 32. Qe1 Qxa3 33. Rd2 Qc3
34. Ra2 Qxe1 35. Rxe1 Rxa2 36. Nxa2 Nxd3 37. Rd1 Nc5 38. Rd4 Kf8 39. Nc3 Ke7
40. Ne2 Ra4 0-1

[Event "Murta Xativa"]
[Site "Hotel Murta, Calle Catedrátic"]
[Date "2017.07.20"]
[Round "5.9"]
[White "Pallas I Garrido, Ernest Josep"]
[Black "Montalban Galvez, Antoni"]
[Result "0-1"]
[WhiteElo "1782"]
[BlackElo "2191"]
[PlyCount "124"]
[EventDate "2017.07.17"]

1. Nf3 Nf6 2. g3 g6 3. b3 Bg7 4. Bb2 d6 5. Bg2 O-O 6. O-O e5 7. d3 Nc6 8. Nbd2
Ne8 9. Ne1 f5 10. f4 Nf6 11. e4 Be6 12. fxe5 dxe5 13. Nef3 Ng4 14. Qe2 f4 15.
gxf4 exf4 16. Bxg7 Kxg7 17. Bh3 Nd4 18. Nxd4 Qxd4+ 19. Kh1 Qd7 20. Bxg4 Bxg4
21. Nf3 Rae8 22. Qf2 b6 23. Qd4+ Qxd4 24. Nxd4 c5 25. Nf3 h6 26. Kg2 g5 27. h4
Kg6 28. hxg5 hxg5 29. Rh1 Bc8 30. Rh2 Rh8 31. Rah1 Rxh2+ 32. Rxh2 g4 33. Nd2
Be6 34. Nf1 Re7 35. a3 Rh7 36. Rxh7 Kxh7 37. Nd2 Kg6 38. c3 Kf6 39. d4 cxd4 40.
cxd4 Bf7 41. Nc4 Bg6 42. Nd2 b5 43. Kf2 a6 44. Kg2 Ke6 45. b4 Kd6 46. Kf2 Bf7
47. Kg2 Bc4 48. Kf2 Bd3 49. Kg2 Ke6 50. Kf2 Bc2 51. Kg2 Bd1 52. Kf2 Kf6 53. Kg2
Ke7 54. Kf2 Ke6 55. Kg2 Kf6 56. Kf2 g3+ 57. Kg2 Kg5 58. Kh3 Be2 59. Kg2 Kg4 60.
d5 f3+ 61. Kg1 Kh3 62. d6 f2+ 0-1

[Event "Murta Xativa"]
[Site "Hotel Murta, Calle Catedrátic"]
[Date "2017.07.20"]
[Round "5.10"]
[White "Folch Zaragoza, Jose"]
[Black "Silva Rodriguez, Julio Jose"]
[Result "0-1"]
[WhiteElo "1925"]
[BlackElo "2334"]
[PlyCount "66"]
[EventDate "2017.07.17"]

1. c4 Nf6 2. Nc3 e6 3. Nf3 Bb4 4. d3 O-O 5. e4 d5 6. e5 Nfd7 7. Bd2 c5 8. a3
Bxc3 9. bxc3 dxc4 10. dxc4 Nc6 11. Bf4 Qc7 12. Bd3 f5 13. Qe2 b6 14. O-O h6 15.
Rfe1 Bb7 16. Nh4 Ne7 17. Qh5 Rf7 18. Re3 Nf8 19. Rg3 Rd8 20. Re1 Qc6 21. Ree3
Rxd3 22. Rxd3 Qe4 23. Bd2 f4 24. Qg4 fxg3 25. Qxg3 Nf5 26. Nxf5 Rxf5 27. h4
Qxe5 28. f4 Qe4 29. Rd8 Rf7 30. h5 Rd7 31. Rxd7 Nxd7 32. f5 exf5 33. Bxh6 Qxg2+
0-1

[Event "Murta"]
[Site "Xativa"]
[Date "2017.07.20"]
[Round "5.28"]
[White "Crespo Calatayud, Santiago"]
[Black "Benavent Montell, Andreu"]
[Result "1-0"]
[WhiteElo "1753"]
[BlackElo "1408"]
[PlyCount "41"]
[EventDate "2017.??.??"]

1. d4 e6 2. Nf3 Nf6 3. g3 d5 4. Bg2 c5 5. c4 Nc6 6. O-O cxd4 7. Nxd4 Bc5 8.
Nxc6 bxc6 9. Qc2 Bb6 10. Bg5 h6 11. Bxf6 Qxf6 12. cxd5 cxd5 13. Qc6+ Ke7 14.
Qxa8 Qxb2 15. Nc3 Bd4 16. Rab1 Qxc3 17. Rfc1 Qd2 18. Rxc8 Rxc8 19. Qxc8 Qxe2
20. Qc7+ Kf6 21. Qf4+ 1-0

[Event "Murta"]
[Site "Xativa"]
[Date "2017.07.21"]
[Round "6.1"]
[White "Valmana Canto, Jaime"]
[Black "Cruz Lledo, Pablo"]
[Result "1-0"]
[WhiteElo "2356"]
[BlackElo "2448"]
[PlyCount "67"]
[EventDate "2017.??.??"]

1. e4 {[%clk 1:30:57]} 1... c6 {[%clk 1:26:30]} 2. d4 {[%clk 1:31:19]} 2... d5
{[%clk 1:26:55]} 3. e5 {[%clk 1:31:43]} 3... Bf5 {[%clk 1:26:23]} 4. h4 {
[%clk 1:31:56]} 4... h5 {[%clk 1:26:43]} 5. c4 {[%clk 1:29:13]} 5... e6 {
[%clk 1:26:36]} 6. Nc3 {[%clk 1:29:26]} 6... Nd7 {[%clk 1:24:34]} 7. cxd5 {
[%clk 1:25:42]} 7... cxd5 {[%clk 1:24:43]} 8. Nf3 {[%clk 1:18:32]} 8... Ne7 {
[%clk 1:23:14]} 9. Bg5 {[%clk 1:14:12]} 9... Qb6 {[%clk 1:22:41]} 10. Rc1 {
[%clk 1:14:33]} 10... Nc6 {[%clk 1:22:21]} 11. Bd3 {[%clk 1:12:52]} 11... Bg4 {
[%clk 1:21:38]} 12. Bb5 {[%clk 1:04:12]} 12... Be7 {[%clk 1:17:20]} 13. Bxe7 {
[%clk 0:52:03]} 13... Kxe7 {[%clk 1:17:42]} 14. Bxc6 {[%clk 0:52:24]} 14...
bxc6 {[%clk 1:17:46]} 15. Qd2 {[%clk 0:52:47]} 15... Rab8 {[%clk 1:13:15]} 16.
Nh2 {[%clk 0:46:37]} 16... Bf5 {[%clk 1:06:56]} 17. b3 {[%clk 0:46:28]} 17...
Rh6 {[%clk 1:04:27]} 18. O-O {[%clk 0:44:02]} 18... Rg6 19. Na4 {[%clk 0:44:05]
} 19... Qb5 {[%clk 1:02:49]} 20. Rc3 {[%clk 0:44:17]} 20... f6 {[%clk 1:02:53]}
21. Rfc1 {[%clk 0:40:42]} 21... fxe5 {[%clk 1:01:24]} 22. dxe5 {[%clk 0:41:04]}
22... Nxe5 {[%clk 0:59:42]} 23. Qe3 {[%clk 0:35:50]} 23... Kf6 {[%clk 0:53:26]}
24. Nc5 {[%clk 0:31:32]} 24... Ng4 {[%clk 0:42:18]} 25. Nxg4+ {[%clk 0:29:43]}
25... Rxg4 {[%clk 0:42:36]} 26. Nd7+ {[%clk 0:30:00]} 26... Ke7 {[%clk 0:36:46]
} 27. Nxb8 {[%clk 0:30:22]} 27... Qxb8 {[%clk 0:36:59]} 28. Rxc6 {
[%clk 0:26:21]} 28... d4 {[%clk 0:37:24]} 29. Qd2 {[%clk 0:25:35]} 29... Qe5 {
[%clk 0:36:12]} 30. f3 {[%clk 0:25:25]} 30... Rg6 {[%clk 0:33:46]} 31. Rc8 {
[%clk 0:18:42]} 31... Qd6 {[%clk 0:30:27]} 32. R1c6 {[%clk 0:18:21]} 32... Qd5
{[%clk 0:30:17]} 33. Qb4+ {[%clk 0:18:12]} 33... Kf6 {[%clk 0:29:22]} 34. Qf8+
{[%clk 0:18:33]} 1-0